| 000 | 00400nam a22001457a 4500 | ||
|---|---|---|---|
| 008 | 250321b |||||||| |||| 00| 0 eng d | ||
| 020 | _a9781556644306 | ||
| 050 |
_aRT41 _b.M48 |
||
| 245 | _aMedical surgical nursing assessment and management of clinical problems | ||
| 250 | _a5th | ||
| 260 |
_aU.S.A _bMosby _c2000 |
||
| 300 | _axiii,1998p | ||
| 650 |
_aNursing care _vNursing assesment |
||
| 942 | _cBK | ||
| 999 |
_c2577 _d2577 |
||